Instalaciones y sistemas eléctricos industriales

Bibliographic Details
Main Author: Enríquez Harper, Gilberto
Format: Section = Libro
Language:Undetermined
Spanish
Published: México Limusa 2014
Subjects:
LEADER 00639nam a2200217Ia 4500
008 240829s9999 xx 000 0 und d
020 |a 978-607-05-0715-1 
040 |a BIBLIOTECA-RUSB/ 621.31924 E59 
041 |a spa 
082 |a 621.31924 E59 
100 1 |a Enríquez Harper, Gilberto 
245 1 0 |a Instalaciones y sistemas eléctricos industriales 
260 |a México  |b Limusa  |c 2014 
300 |a 414 p. :il. 
650 7 |a INSTALACIONES ELECTRICAS - BAJA TENSION 
650 7 |b  ALUMBRADO EN INTERIORES 
650 7 |c  DISEÑO INSTALACIONES ELECTRICAS 
650 7 |d  ALUMBRADO EXTERIOR 
942 |c BK  |2 ddc 
991 |a TEXTO 
999 |c 3171